000
00272nam a2200097Ia 4500
001
1076197
005
20250827002252.0
008
250824s9999 xx 000 0 und d
245
0
_a
DİVAN EDEBİYATINDA TEVHİDLER VE MUAMMA
_c
ALİ NİHAD TARLAN
260
_b
KETEBE YAYINLARI
999
_c
1076197
_d
1076197